Acción, historia y orden institucional : ensayos de filosofía práctica y una reflexión sobre estética /

Guardado en:
Autor Principal: Bubner, Rüdiger.
Otros Autores: Leyva, Gustavo, (ed.), Storandt Diller, Peter, (trad.)
Formato: Libro
Idioma:Undetermined
Publicado: Buenos Aires : Fondo de Cultura Económica, 2010.
Edición:1a. ed.
Series:Filosofía
Materias:
Etiquetas: Agregar Etiqueta
Sin Etiquetas, Sea el primero en etiquetar este registro!
LEADER 00711nam a22002055a 4500
001 DER.der015383
008 251030s2010####ag############000#0#und#d
005 20251105125739.0
245 1 0 |a Acción, historia y orden institucional :  |b ensayos de filosofía práctica y una reflexión sobre estética /  |c Rüdiger Bubner. 
250 |a 1a. ed. 
260 |a Buenos Aires :  |b Fondo de Cultura Económica,  |c 2010. 
300 |a 415 p. 
490 1 |a Filosofía 
500 |a Edición e introducción de Gustavo Leyva. 
020 |a 9789505578573 
100 1 |a Bubner, Rüdiger. 
700 1 |a Leyva, Gustavo,  |e ed. 
700 1 |a Storandt Diller, Peter,  |e trad. 
650 7 |a FILOSOFÍA 
859 |a DERECHO  |b BIB. DERECHO  |h 190  |i BUB  |p 0010707